Statistics for County Seats of West Virginia

Click here to take the quiz!

General Stats

  • This quiz has been taken 1,088 times
  • The average score is 31 of 55

Answer Stats

CountyCounty Seat% Correct
OhioWheeling
84%
KanawhaCharleston
83%
MonongaliaMorgantown
80%
CabellHuntington
76%
ClayClay
72%
LoganLogan
70%
WoodParkersburg
69%
RaleighBeckley
68%
MarionFairmont
68%
JeffersonCharles Town
67%
FayetteFayetteville
67%
BerkeleyMartinsburg
67%
HarrisonClarksburg
65%
GreenbrierLewisburg
63%
MarshallMoundsville
62%
NicholasSummersville
62%
RandolphElkins
60%
MasonPoint Pleasant
60%
WayneWayne
60%
McDowellWelch
59%
BooneMadison
58%
JacksonRipley
57%
BraxtonSutton
57%
UpshurBuckhannon
56%
MineralKeyser
56%
PrestonKingwood
56%
MercerPrinceton
56%
WetzelNew Martinsville
53%
RoaneSpencer
53%
WebsterWebster Springs
53%
LewisWeston
53%
PocahontasMarlinton
52%
HardyMoorefield
52%
PutnamWinfield
52%
MorganBerkeley Springs
51%
GilmerGlenville
51%
TaylorGrafton
51%
LincolnHamlin
51%
BarbourPhilippi
51%
HampshireRomney
51%
MonroeUnion
51%
MingoWilliamson
51%
SummersHinton
50%
HancockNew Cumberland
50%
PendletonFranklin
49%
TuckerParsons
49%
WyomingPineville
49%
PleasantsSt. Marys
49%
DoddridgeWest Union
49%
CalhounGrantsville
48%
WirtElizabeth
47%
GrantPetersburg
46%
BrookeWellsburg
45%
RitchieHarrisville
38%
TylerMiddlebourne
38%

Score Distribution

Percentile by Number Answered

Percent of People with Each Score

Your Score History

You have not taken this quiz